000 00598nam a22001935i 4500
001 158839
003 ES-MaACL
005 20230906211336.0
008 040907s1869 gw |||| | eng d
040 _aCAM
_bspa
_cCAM
100 1 _aMarryat, Frederick.
_9188175
245 1 0 _aMr. Midshipman easy /
_cby captain Marryat.
260 _aLeipzig :
_bBernhard Tauchnitz,
_c1869.
300 _a404 p. ;
_c16 cm.
490 1 _aCollection of British Authors ;
_v1003
830 0 _aCollection of British Authors ;
_v1003
_9180703
852 _aES-MaACL
_jG-11794
_z-- Enc. hol.
999 _c158839
_d158839